[Event "SLO-chT2 West"]
[Site "Kranj"]
[Date "2008.10.18"]
[Round "7.3"]
[White "Rifelj, Luka"]
[Black "Mrak, Gasper"]
[Result "1-0"]
[WhiteElo "1814"]
[BlackElo "1519"]
[PlyCount "83"]
[EventDate "2008.10.11"]
[EventType "team-swiss"]
[EventRounds "9"]
[EventCountry "SLO"]
[SourceTitle "EXT 2010"]
[Source "ChessBase"]
[SourceDate "2010.11.25"]
[SourceVersion "1"]
[SourceVersionDate "2010.11.25"]
[SourceQuality "1"]
[WhiteTeam "Krka Novo Mesto"]
[BlackTeam "Gorenjka Lesce"]
[WhiteTeamCountry "SLO"]
[BlackTeamCountry "SLO"]

1. d4 d5 2. c4 Nf6 3. Nf3 Bf5 4. Nc3 e6 5. Nh4 Ne4 6. Nxf5 exf5 7. Nxd5 c6 8. Nc3 Bb4 9. Bd2 Nxc3 10. Bxc3 Bxc3+ 11. bxc3 0-0 12. g3 Qa5 13. Qd2 Nd7 14. e3 Nf6 15. Bg2 Rfe8 16. 0-0 Rac8 17. c5 b6 18. cxb6 axb6 19. Qb2 Red8 20. Rfb1 b5 21. a4 bxa4 22. Qb4 Qc7 23. Qxa4 h6 24. c4 Ne4 25. Bxe4 fxe4 26. Qa7 Qd6 27. Qa3 Qe6 28. Qa2 Ra8 29. Qc2 Rac8 30. Rb6 Qf5 31. Raa6 Ra8 32. Rxc6 Rdb8 33. Rcb6 Qf3 34. c5 Rxa6 35. Rxb8+ Kh7 36. Rb1 h5 37. Qd1 Qf5 38. Qe2 Rg6 39. c6 Rxc6 40. Rb5 Rc1+ 41. Kg2 Qg6 42. Rxh5+ 1-0

[Event "SLO-chT2 West"]
[Site "Kranj"]
[Date "2008.10.11"]
[Round "1.5"]
[White "Cibej, Marjan"]
[Black "Mrak, Gasper"]
[Result "1-0"]
[WhiteElo "1877"]
[BlackElo "1519"]
[PlyCount "73"]
[EventDate "2008.10.11"]
[EventType "team-swiss"]
[EventRounds "9"]
[EventCountry "SLO"]
[SourceTitle "EXT 2010"]
[Source "ChessBase"]
[SourceDate "2010.11.25"]
[SourceVersion "1"]
[SourceVersionDate "2010.11.25"]
[SourceQuality "1"]
[WhiteTeam "Koper"]
[BlackTeam "Gorenjka Lesce"]
[WhiteTeamCountry "SLO"]
[BlackTeamCountry "SLO"]

1. e4 e5 2. Nc3 Nc6 3. f4 exf4 4. Nf3 Bc5 5. d4 Bb4 6. d5 Bxc3+ 7. bxc3 Na5 8. Bxf4 Qf6 9. Be5 Qg6 10. Bxc7 Qxe4+ 11. Kf2 b6 12. Bb5 Ne7 13. Re1 Qf5 14. Re5 Qf6 15. d6 0-0 16. dxe7 Re8 17. Qd6 Qxd6 18. Bxd6 a6 19. Bd3 Nc6 20. Re3 Bb7 21. Rae1 Na5 22. Nd4 Rac8 23. Rh3 h6 24. Rg3 b5 25. Nf5 g6 26. Nxh6+ Kg7 27. Nxf7 Kxf7 28. Bxg6+ Kf6 29. Be5+ Ke6 30. Bxe8 Rxe8 31. Bc7+ Kd5 32. Bxa5 Kc6 33. Rf3 Kd6 34. Bb4+ Kc7 35. Rf8 Rxe7 36. Rxe7 Bc6 37. h4 1-0

[Event "SLO-chT2 West"]
[Site "Kranj"]
[Date "2008.10.11"]
[Round "2.5"]
[White "Mrak, Gasper"]
[Black "Andlovic, Janez"]
[Result "0-1"]
[WhiteElo "1519"]
[BlackElo "1602"]
[PlyCount "76"]
[EventDate "2008.10.11"]
[EventType "team-swiss"]
[EventRounds "9"]
[EventCountry "SLO"]
[SourceTitle "EXT 2010"]
[Source "ChessBase"]
[SourceDate "2010.11.25"]
[SourceVersion "1"]
[SourceVersionDate "2010.11.25"]
[SourceQuality "1"]
[WhiteTeam "Gorenjka Lesce"]
[BlackTeam "Trzin"]
[WhiteTeamCountry "SLO"]
[BlackTeamCountry "SLO"]

1. e4 d6 2. Nc3 e5 3. Bc4 Nf6 4. d3 a5 5. h3 c6 6. Nf3 b5 7. Bxf7+ Kxf7 8. 0-0 h6 9. Ne2 Be7 10. c3 Be6 11. Ng3 Qc8 12. d4 Nbd7 13. dxe5 Nxe5 14. Bf4 Qc7 15. Bxe5 dxe5 16. a3 Rad8 17. Qe1 a4 18. Nd2 Rd3 19. Qe2 Rhd8 20. Nf3 R3d7 21. Qc2 Rd3 22. Rfd1 Rxd1+ 23. Rxd1 Bb3 24. Rd7 Rxd7 25. Qc1 Rd1+ 26. Qxd1 Bxd1 27. Nh4 Bb3 28. Nhf5 Be6 29. Ne3 Qd7 30. f3 Bc5 31. Ngf1 Qd3 32. Kh2 Qe2 33. Ng4 Bxg4 34. hxg4 Qxf1 35. b4 Bg1+ 36. Kh3 Bf2 37. Kh2 Qg1+ 38. Kh3 Qh1# 0-1